| 000 | 00620nam a2200145 a 4500 | ||
|---|---|---|---|
| 008 | 120416s1971 ||||||||||||||||| || u | ||
| 050 | _aHM 35 Eld | ||
| 100 | _aEldridge, John E. T | ||
| 245 | 1 | 0 | _aSociology and industrial life |
| 260 |
_aLondon _bMichael Joseph _c1971 |
||
| 300 | _aviii, 230p. : ill | ||
| 350 | _a0.00 | ||
| 995 |
_aANNEX COLLECTION (Main Library) _D0.00 _e008464 _FCBU-MAIN LIBRARY (Kitwe) _H1 _I4.00 _jHM 35 Eld _UAVAILABLE _y008464 _ZAnnex Low-Usage Collection |
||
| 995 |
_aBINDERY (DAMAGED) _D0.00 _e717528 _FCBU-MAIN LIBRARY (Kitwe) _H2 _I4.00 _jHM 35 Eld _UDAMAGED _y008465 _ZMain Library Open Access Collection |
||
| 999 |
_c76610 _d76610 |
||